A Comparitive Study Of Some Of The Leading Music Systems of the 15th, 16th, 17th, and 18th Centuries (Record no. 1122589)

MARC details
000 -LEADER
fixed length control field 00750nam a2200229Ia 4500
003 - CONTROL NUMBER IDENTIFIER
control field OSt
005 - DATE AND TIME OF LATEST TRANSACTION
control field 20221006165950.0
008 - FIXED-LENGTH DATA ELEMENTS--GENERAL INFORMATION
fixed length control field 221006b |||||||| |||| 00| 0 eng d
037 ## - SOURCE OF ACQUISITION
Terms of availability Textual
040 ## - CATALOGING SOURCE
Original cataloging agency FML
Transcribing agency FML
Language of cataloging eng
041 ## - LANGUAGE CODE
Source of code eng
Language code of text/sound track or separate title eng
100 ## - MAIN ENTRY--PERSONAL NAME
Personal name Bhathkhande Vishnu Narayan Au.
9 (RLIN) 676450
245 #0 - TITLE STATEMENT
Title A Comparitive Study Of Some Of The Leading Music Systems of the 15th, 16th, 17th, and 18th Centuries
260 ## - PUBLICATION, DISTRIBUTION, ETC.
Place of publication, distribution, etc. Gwalior
Name of publisher, distributor, etc. Ramchandra Sangeetalaya India
Date of publication, distribution, etc. 1966
300 ## - PHYSICAL DESCRIPTION
Extent 112
Dimensions cm.
942 ## - ADDED ENTRY ELEMENTS (KOHA)
Classification part NR44v ' M <--- J, K6 -; 27
Koha item type Textual
Source of classification or shelving scheme Colon Classification (CC)

No items available.

Copyright @ Delhi University Library System